000
00274nam a2200109Ia 4500
008
220120s9999||||xx |||||||||||||| ||und||
100
_a
Chhabra, T.N
245
0
_a
Human resource management
260
_a
Dhanpat rai publications
_c
2012
300
_b
0
650
_a
MECHANICHAL
999
_c
137189
_d
137189